Tenable 1 - Largest States - Statistics

General Stats
  • This quiz has been taken 8 times
  • The average score is 5 of 10
Answer Stats
# state % Correct
1 Alaska
100%
3 California
100%
2 Texas
100%
6 Arizona
43%
4 Montana
43%
7 Nevada
43%
5 New Mexico
43%
8 Colorado
14%
9 Oregon
14%
10 Wyoming
14%
No matching quizzes found
Score Distribution
Percent of People with Each Score
Percentile by Number Answered
Your Score History
You have not taken this quiz